Grundzüge der europäischen Privatrechtsgeschichte : Einführung und Sachenrecht.
Bewaard in:
| Hoofdauteur: | |
|---|---|
| Andere auteurs: | |
| Formaat: | Boek |
| Gepubliceerd in: |
Wien, Österreich:
Böhlau,
2012.
|
| Onderwerpen: | |
| Tags: |
Voeg label toe
Geen labels, Wees de eerste die dit record labelt!
|
MARC
| LEADER | 00000nam a22000007a 4500 | ||
|---|---|---|---|
| 003 | CL-VaPUC | ||
| 005 | 20230126082828.0 | ||
| 008 | 220623t2012 ||||| |||| 00| 0 eng d | ||
| 999 | |c 436274 |d 436272 | ||
| 020 | |a 978-3-205-78640-5 | ||
| 040 | |c Pontificia Universidad Católica de Valparaíso | ||
| 082 | 7 | |a 346.40409 ZWA 2012 |2 22 | |
| 100 | 1 | |a Zwalve, Willem Jans |e autor |9 871328 | |
| 245 | |a Grundzüge der europäischen Privatrechtsgeschichte : |b Einführung und Sachenrecht. | ||
| 260 | |a Wien, Österreich: |b Böhlau, |c 2012. | ||
| 300 | |a 537 páginas. | ||
| 583 | |c 20220623 |k GC | ||
| 650 | |a Derecho privado |z Europa |9 871329 | ||
| 650 | |a Derecho de propiedad |z Europa |9 871330 | ||
| 700 | |a Sirks, Boudewijn |e autor |9 871331 | ||
| 942 | |2 ddc |c BK | ||
| 952 | |0 0 |1 0 |2 ddc |4 0 |6 346_404090000000000_ZWA_2012 |7 1 |8 C_AGB |9 584004 |a BIBDER |b BIBDER |d 2022-06-23 |e Donación |i 5652071 |o 346.40409 ZWA 2012 |p 5652071 |r 2023-01-25 |t 1 |w 2022-06-23 |y BK_US |k AGB | ||